Účtová osnova a postupy pre podnikateľov od 1. januára 2000

Bibliographic Details
Format: Book
Language:Slovak
PhysicalDescription:109 s. 21 cm
Published: Bratislava Elita 2000
ISBN:8080440719
Subjects:

MARC

LEADER 00000nam a2200000 a 4500
001 vtls001394301
003 SK-MaSNL
005 20260302034706.0
008 240226s2000 xo r slo
015 |a SNBI2001/01-00159 
020 |a 8080440719 
035 |a SNK000348628 
035 |a urn:nbn:sk:snk-amkllt 
035 |a urn:nbn:sk:snk-am003bd2 
035 |a C8B6114C-FE0A-44B4-87BA-96077A28535E 
040 |a SNK  |b slo  |c SNK  |e AACR2 
041 0 |a slo 
044 |a xo  |c SK 
080 |a 657:334.72:658.11(094.7)  |2 1981 
080 |a 334.72  |2 1981 
080 |a 658.11  |2 1981 
245 0 0 |a Účtová osnova a postupy pre podnikateľov od 1. januára 2000 
260 |a Bratislava  |b Elita  |c 2000 
300 |a 109 s.  |c 21 cm 
500 |a Obalový názov 
650 0 7 |a účtovníctvo  |x podnikatelia súkromní  |x opatrenia  |y 2000  |x príručky  |2 SNK  |9 686613 
650 0 7 |a podnikatelia súkromní  |x účtovníctvo  |x opatrenia  |y 2000  |x príručky  |2 SNK  |9 686614 
655 7 |a zákonné opatrenia  |2 SNK  |9 62172 
919 |a 80-8044-071-9 
958 |a TL 
999 |c 1067421  |d 1069351 
952 |t P60, <03>, [BOOK], {603}  |a SNK  |b SNK  |y PREZ  |7 0  |p 17A0247839  |o snkSC 102472  |i snkKSP 8350/2000  |0 0  |1 0  |4 0  |d 2000-08-15  |f 1  |l 0  |r 2025-09-24 00:00:00  |w 2026-02-24 
952 |t P60, <04>, [BOOK], {604}  |a SNK  |b SNK  |y VYP  |7 0  |p 17A0247840  |o snkSC 102472 D1  |i snkKSP 8351/2000  |0 0  |1 0  |4 0  |d 2000-08-15  |l 0  |r 2005-01-02 00:00:00  |w 2026-02-24